| 000 | 01032cam a22002175a 4500 | ||
|---|---|---|---|
| 001 | L159603 | ||
| 008 | 171020s2017 xxk f 000 0 eng d | ||
| 035 | _a(Sirsi) u159603 | ||
| 041 | 0 | _aeng | |
| 110 | 2 |
_aProperty Industry Alliance _95725 |
|
| 245 | 0 | 0 |
_aProperty Data Report 2017 _bFacts and figures about the UK commercial propertyindustry to year-end 2016 _h[electronic resource] |
| 260 |
_aLondon _bProperty Industry Alliance _c2017 |
||
| 520 | _aIncludes a range of facts and figures on the UK commercial property market. Looks at the value of the UK commercial property sector in 2016 worth £883 billion representing 10% of UK's net wealth with the private rented sector making up a further 12.5% of national wealth. Notes that the value of the industrial sector increased in 2016, whereas the values of the office and retail sectors declined. | ||
| 590 | _aNTK | ||
| 650 | 2 | 4 | _aOFFICE |
| 650 | _aRETAIL | ||
| 650 | 2 | 4 | _aINDUSTRIAL |
| 651 | 4 |
_aUnited Kingdom _y |
|
| 690 |
_aCommercial property _96227 |
||
| 942 | _n0 | ||
| 999 |
_c116040 _d116040 |
||